000 00822pam a2200289 a 4500
001 1051598
003 OSt
005 20240126101625.0
008 900105s1991 paua b 001 0 eng c
010 _a 90005415
020 _a 978-0397510054
020 _a0397510055
040 _aDNLM/DLC
_cDLC
_dDLC
050 0 0 _aQR46
_b.V64 1991
060 _aQW 4 E78
082 0 0 _aQW4 E74w 1991
100 _aVolk, Wesley A.; [et..al]
_916899
245 0 0 _aEssentials of Medical Microbiology
250 _a4th ed.
260 _aPhiladelphia :
_bLippincott,
_c1991.
300 _avii, 803 p. :
_bill. ;
_c26 cm.
504 _aIncludes bibliographical references.
650 2 _aMicrobiology.
_9749
906 _a7
_bcbc
_corignew
_d1
_eocip
_f19
_gy-gencatlg
942 _2ddc
_cO_SHELF
999 _c4225
_d4225